000 00940nam a2200217 a 4500
001 BRCA_7310
005 20190321142933.0
008 130612s1811----gw-a######---#000-0#ger-#
041 _ager
044 _agw
050 4 _b.R45 1811
100 1 _aReichard, Karl
_918074
245 1 0 _aModerne Biographien
_boder kurze Nachrichten von dem Leben und den Thaten der berühmtesten Menschen, welche sich, seit dem Anfange der französischen Revolution bis zu dem Wiener Frieden, als Regenten, Feldherren, Staatsmänner, Gelehrte und Künstler ausgezeichnet haben
_caus dem Französischen frey übers. und mit vielen neuen Biographien vermehrt von Karl Reichard.
260 _aLeipzig
_bBernhard Fleischer
_c1811
300 _a3 v.
_bil.
_c19 cm.
440 0 _aReichards Biographien
_v4-5-6
_918075
500 _aEstado físico : los 3 vol. deteriorados y mutilados en la guarda
500 _aL76
_vBiografías
902 _aGFM
942 _2lcc
_cB
999 _c6986
_d6986